[Event "HUN-chT2 Erkel 0405"]
[Site "Hungary"]
[Date "2005.03.06"]
[Round "9"]
[White "Elter, Janos"]
[Black "Bakos, Balazs"]
[Result "1/2-1/2"]
[WhiteElo "2231"]
[BlackElo "2246"]
[PlyCount "43"]
[EventDate "2004.09.26"]
[EventType "team"]
[EventRounds "11"]
[EventCountry "HUN"]
[SourceTitle "EXT 2009"]
[Source "ChessBase"]
[SourceDate "2008.11.26"]
[SourceVersion "1"]
[SourceVersionDate "2008.11.26"]
[SourceQuality "1"]
[WhiteTeam "Karpati"]
[BlackTeam "Fuzesabony"]
[WhiteTeamCountry "HUN"]
[BlackTeamCountry "HUN"]

1. e4 c5 2. Nf3 Nc6 3. d4 cxd4 4. Nxd4 Nf6 5. Nc3 e5 6. Ndb5 d6 7. Bg5 a6 8. Na3 b5 9. Nd5 Be7 10. Bxf6 Bxf6 11. c3 0-0 12. Nc2 Rb8 13. Be2 Bg5 14. 0-0 g6 15. b4 Ne7 16. Nce3 Be6 17. a4 f5 18. axb5 axb5 19. Ra5 Qd7 20. Qd3 fxe4 21. Nxe7+ Bxe7 22. Qxe4 1/2-1/2

[Event "HUN-chT2 Erkel 0405"]
[Site "Hungary"]
[Date "2005.02.20"]
[Round "8"]
[White "Ondok, Laszlo"]
[Black "Elter, Janos"]
[Result "1/2-1/2"]
[WhiteElo "2195"]
[BlackElo "2231"]
[PlyCount "111"]
[EventDate "2004.09.26"]
[EventType "team"]
[EventRounds "11"]
[EventCountry "HUN"]
[SourceTitle "EXT 2009"]
[Source "ChessBase"]
[SourceDate "2008.11.26"]
[SourceVersion "1"]
[SourceVersionDate "2008.11.26"]
[SourceQuality "1"]
[WhiteTeam "Metroepszolg"]
[BlackTeam "Karpati"]
[WhiteTeamCountry "HUN"]
[BlackTeamCountry "HUN"]

1. e4 d6 2. d4 Nf6 3. Nc3 c6 4. f4 Qa5 5. Bd2 e5 6. Nf3 Nbd7 7. Be2 h6 8. dxe5 dxe5 9. fxe5 Nxe5 10. Nd5 Qd8 11. Nxe5 cxd5 12. Bb5+ Bd7 13. Nxd7 Nxd7 14. exd5 Qe7+ 15. Qe2 0-0-0 16. 0-0-0 Qxe2 17. Bxe2 Ne5 18. c4 b6 19. Kb1 a5 20. Bc3 f6 21. a3 Kc7 22. b4 Ra8 23. Kb2 Bd6 24. Kb3 Ra7 25. Bd4 axb4 26. axb4 Rha8 27. Ra1 Rxa1 28. Rxa1 Rxa1 29. Bxa1 Nd7 30. h3 Be5 31. Bxe5+ fxe5 32. Ka4 Nf6 33. Kb5 Ne4 34. Ka6 Nc3 35. Bf1 e4 36. d6+ Kc6 37. b5+ Kxd6 38. Kxb6 Na4+ 39. Ka5 Nc5 40. Kb4 g5 41. b6 Kc6 42. Kc3 Ne6 43. b7 Kxb7 44. g3 Kc6 45. Bg2 Kc5 46. Bxe4 h5 47. Bd5 Nd4 48. Kd3 Nf5 49. g4 hxg4 50. hxg4 Nh6 51. Be6 Kd6 52. Bc8 Kc5 53. Bd7 Nf7 54. Be6 Ne5+ 55. Kc3 Kd6 56. Bf5 1/2-1/2

[Event "HUN-chT2 Erkel 0405"]
[Site "Hungary"]
[Date "2004.12.05"]
[Round "4"]
[White "Elter, Janos"]
[Black "Hunko, Gyorgy"]
[Result "1-0"]
[WhiteElo "2231"]
[BlackElo "2161"]
[PlyCount "71"]
[EventDate "2004.09.26"]
[EventType "team"]
[EventRounds "11"]
[EventCountry "HUN"]
[SourceTitle "EXT 2009"]
[Source "ChessBase"]
[SourceDate "2008.11.26"]
[SourceVersion "1"]
[SourceVersionDate "2008.11.26"]
[SourceQuality "1"]
[WhiteTeam "Karpati"]
[BlackTeam "Mezokovesd"]
[WhiteTeamCountry "HUN"]
[BlackTeamCountry "HUN"]

1. e4 c5 2. Nf3 Nc6 3. b3 e5 4. Bb5 d6 5. h3 a6 6. Bc4 Be6 7. 0-0 b5 8. Bxe6 fxe6 9. c3 Nf6 10. Re1 Be7 11. d4 exd4 12. cxd4 e5 13. d5 Nd4 14. Nxd4 cxd4 15. Na3 Rc8 16. Bd2 0-0 17. Nc2 a5 18. Na3 Qb6 19. Qe2 Rb8 20. Rac1 b4 21. Rc6 Qb7 22. Nc4 Qb5 23. Nxd6 Qxe2 24. Rxe2 Bxd6 25. Rxd6 Rbc8 26. Bg5 d3 27. Re1 Rc2 28. f3 Rfc8 29. Rd1 h6 30. Be3 Re2 31. Rc6 Ra8 32. Rxd3 Rxa2 33. d6 Ra3 34. d7 Nxd7 35. Rxd7 Rxb3 36. Bc5 1-0

[Event "HUN-chT2 Erkel 0203"]
[Site "Hungary"]
[Date "2002.11.24"]
[Round "3"]
[White "Sinka, Istvan"]
[Black "Elter, Janos"]
[Result "1-0"]
[WhiteElo "2285"]
[BlackElo "2285"]
[PlyCount "49"]
[EventDate "2002.09.22"]
[EventType "team"]
[EventRounds "11"]
[EventCountry "HUN"]
[SourceTitle "EXT 2009"]
[Source "ChessBase"]
[SourceDate "2008.11.26"]
[SourceVersion "1"]
[SourceVersionDate "2008.11.26"]
[SourceQuality "1"]

1. e4 d6 2. d4 Nf6 3. Nc3 c6 4. f4 Qa5 5. e5 dxe5 6. fxe5 Bg4 7. Be2 Bxe2 8. Ngxe2 Nd5 9. 0-0 Nxc3 10. Nxc3 e6 11. Be3 Nd7 12. Qh5 g6 13. Qf3 f5 14. exf6 Kf7 15. Rae1 h6 16. a3 Nb6 17. Bd2 Re8 18. Re5 Qa6 19. b3 Qxa3 20. Ne4 Nc8 21. Rh5 Rd8 22. Ng5+ hxg5 23. Rxh8 Rxd4 24. Bxg5 Rd5 25. Rh7+ 1-0

[Event "HUN-chT3 0102"]
[Site "Hungary"]
[Date "2001.11.18"]
[Round "3.3"]
[White "Elter, Janos"]
[Black "Blaho, Stefan"]
[Result "0-1"]
[WhiteElo "2285"]
[BlackElo "2150"]
[PlyCount "76"]
[EventDate "2001.09.30"]
[EventType "team"]
[EventRounds "11"]
[EventCountry "HUN"]
[SourceTitle "EXT 2004"]
[Source "ChessBase"]
[SourceDate "2003.11.25"]
[SourceVersion "1"]
[SourceVersionDate "2003.11.25"]
[SourceQuality "1"]

1. e4 c5 2. Nf3 d6 3. d4 cxd4 4. Nxd4 Nf6 5. Nc3 g6 6. Bb5+ Bd7 7. 0-0 a6 8. Be2 Nc6 9. Kh1 Bg7 10. Nb3 b5 11. f3 0-0 12. a4 b4 13. Nd5 Nxd5 14. exd5 Na5 15. Nd4 Qc7 16. Qd3 Qc5 17. Nb3 Nxb3 18. Qxb3 Bf5 19. Bd1 Rfc8 20. Bg5 Bxc2 21. Bxc2 Qxc2 22. Qxc2 Rxc2 23. Bxe7 Bxb2 24. Rab1 a5 25. Rfd1 Be5 26. g3 Re8 27. Bg5 f6 28. Bh6 Kf7 29. Rdc1 Rec8 30. Rg1 g5 31. f4 Kg6 32. fxe5 dxe5 33. d6 Kxh6 34. Rgd1 Kg6 35. Rd5 Rd8 36. Rbd1 b3 37. Rxa5 b2 38. Rb5 Rc1 0-1

[Event "HUN-chT3 0102"]
[Site "Hungary"]
[Date "2001.09.30"]
[Round "1.1"]
[White "Elter, Janos"]
[Black "Szollosi, Laszlo Jr"]
[Result "1/2-1/2"]
[WhiteElo "2285"]
[BlackElo "2205"]
[PlyCount "25"]
[EventDate "2001.09.30"]
[EventType "team"]
[EventRounds "11"]
[EventCountry "HUN"]
[SourceTitle "EXT 2004"]
[Source "ChessBase"]
[SourceDate "2003.11.25"]
[SourceVersion "1"]
[SourceVersionDate "2003.11.25"]
[SourceQuality "1"]

1. e4 e6 2. d4 d5 3. Nc3 Nf6 4. Bg5 Bb4 5. Nge2 dxe4 6. a3 Be7 7. Bxf6 Bxf6 8. Nxe4 b6 9. g3 Bb7 10. Bg2 c6 11. 0-0 0-0 12. c4 Be7 13. b4 1/2-1/2

[Event "HUN-chT3 0001"]
[Site "Hungary"]
[Date "2001.04.08"]
[Round "10.2"]
[White "Bokros, Istvan"]
[Black "Elter, Janos"]
[Result "1-0"]
[WhiteElo "2111"]
[BlackElo "2285"]
[PlyCount "123"]
[EventDate "2000.10.29"]
[EventType "team"]
[EventRounds "11"]
[EventCountry "HUN"]
[SourceTitle "EXT 2007"]
[Source "ChessBase"]
[SourceDate "2006.11.23"]
[SourceVersion "1"]
[SourceVersionDate "2006.11.23"]
[SourceQuality "1"]

1. e4 d6 2. d4 Nf6 3. Nc3 c6 4. f4 Qa5 5. Bd3 e5 6. Nf3 Nbd7 7. a3 Be7 8. b4 Qc7 9. 0-0 a5 10. Bd2 axb4 11. axb4 Rxa1 12. Qxa1 0-0 13. Kh1 Nh5 14. Ne2 g6 15. dxe5 dxe5 16. fxe5 Ng7 17. Bc4 b5 18. Bb3 Nb6 19. Qa5 Be6 20. Be3 Bd8 21. Bc5 Re8 22. Ned4 Bxb3 23. cxb3 Nd7 24. Qxc7 Bxc7 25. Nxc6 Ne6 26. Bd6 f6 27. Ne7+ Kf7 28. Nd5 Bxd6 29. exd6 Rc8 30. h4 Kg7 31. Rd1 Rc6 32. Ne7 Ra6 33. Nd4 Nxd4 34. Rxd4 Kf7 35. Rd5 Rb6 36. h5 gxh5 37. Rxh5 Rxd6 38. Rxh7+ Ke6 39. Nc8 Rd1+ 40. Kh2 Ke5 41. Na7 Kxe4 42. Nxb5 Kf4 43. Nc3 Rd2 44. Rh4+ Kf5 45. Rh5+ Kf4 46. Rd5 Rxd5 47. Nxd5+ Ke4 48. Nc7 Kd4 49. Kg3 Kc3 50. b5 Kxb3 51. Kf4 Kc4 52. Kf5 Kc5 53. Ke6 Ne5 54. Kxf6 Ng4+ 55. Ke6 Nf2 56. Ke5 Kb6 57. Nd5+ Kxb5 58. Ne3 Kc6 59. Kf5 Kd7 60. Ng4 Nd3 61. Ne5+ Nxe5 62. Kxe5 1-0

[Event "HUN-chT3 0001"]
[Site "Hungary"]
[Date "2001.02.04"]
[Round "6.2"]
[White "Szekely, Csaba"]
[Black "Elter, Janos"]
[Result "0-1"]
[WhiteElo "2217"]
[BlackElo "2285"]
[PlyCount "128"]
[EventDate "2000.10.29"]
[EventType "team"]
[EventRounds "11"]
[EventCountry "HUN"]
[SourceTitle "EXT 2007"]
[Source "ChessBase"]
[SourceDate "2006.11.23"]
[SourceVersion "1"]
[SourceVersionDate "2006.11.23"]
[SourceQuality "1"]

1. c4 Nf6 2. Nc3 d6 3. g3 c6 4. Bg2 e5 5. d3 Be7 6. e4 0-0 7. Nge2 Na6 8. 0-0 Bg4 9. Be3 Nc7 10. d4 exd4 11. Qxd4 Nd7 12. f3 Be6 13. b3 d5 14. cxd5 cxd5 15. Rad1 Bc5 16. Qd2 dxe4 17. Bxc5 Nxc5 18. Qf4 Qe7 19. fxe4 Rad8 20. Nd4 Bc8 21. Nd5 Nxd5 22. exd5 Rfe8 23. d6 Qe3+ 24. Qxe3 Rxe3 25. Nf5 Bxf5 26. Rxf5 b6 27. Bd5 Ne6 28. Bc4 g6 29. Rf2 Re5 30. a4 f5 31. Rdd2 Kf7 32. b4 Re4 33. Ba2 Kf6 34. d7 Ke7 35. Bd5 Re1+ 36. Kg2 Rxd7 37. Bc6 Rd6 38. b5 Nc5 39. Rfe2+ Re6 40. Rxe1 Rxe1 41. Ra2 Nb3 42. Kf2 Ra1 43. Re2+ Kf6 44. Re8 Rxa4 45. Rh8 Ra2+ 46. Ke3 Rxh2 47. Bd5 Nc5 48. Ra8 Rb2 49. Rxa7 Rxb5 50. Rxh7 Ke5 51. Bg8 Ra5 52. Re7+ Kf6 53. Rc7 Ra3+ 54. Ke2 Rxg3 55. Rc6+ Ke5 56. Rxb6 g5 57. Rb5 Rg2+ 58. Kf3 Rc2 59. Bf7 g4+ 60. Kg3 Rc3+ 61. Kg2 Kf4 62. Bd5 Rc2+ 63. Kf1 Kg3 64. Rb8 f4 0-1

[Event "HUN-chT3"]
[Site "Hungary"]
[Date "1996.??.??"]
[Round "?"]
[White "Nagyajtai, Gabor"]
[Black "Elter, Janos"]
[Result "0-1"]
[WhiteElo "2290"]
[BlackElo "2285"]
[PlyCount "96"]
[EventDate "1996.??.??"]
[EventType "team"]
[EventRounds "9"]
[EventCountry "HUN"]
[SourceTitle "EXT 2001"]
[Source "ChessBase"]
[SourceDate "2000.11.22"]
[SourceVersion "1"]
[SourceVersionDate "2000.11.22"]
[SourceQuality "1"]

1. d4 Nf6 2. c4 c6 3. Nc3 d6 4. Nf3 Bg4 5. e4 Qa5 6. h3 Bh5 7. Bd3 e5 8. d5 Be7 9. 0-0 0-0 10. Bd2 Nbd7 11. b4 Qd8 12. Rb1 Bg6 13. Qe2 Nh5 14. g4 Nf4 15. Bxf4 exf4 16. Qd2 Ne5 17. Nxe5 dxe5 18. Rfd1 h5 19. f3 a5 20. a3 axb4 21. axb4 c5 22. bxc5 Bxc5+ 23. Kh1 Qh4 24. Qh2 b6 25. Bc2 Ra3 26. Rb3 Rfa8 27. Rdb1 Rxb3 28. Bxb3 Ra3 29. Ne2 f6 30. Ng1 Be8 31. Qg2 Ba4 32. Bxa4 Rxa4 33. Qf1 Ra2 34. Ne2 Rxe2 35. Qxe2 Qxh3+ 36. Qh2 Qxf3+ 37. Qg2 Qxg4 38. Qxg4 hxg4 39. Kg2 g6 40. Ra1 f5 41. exf5 gxf5 42. Ra7 e4 43. Rb7 e3 44. d6 Bxd6 45. Rxb6 e2 46. Rb1 Bb4 47. c5 Bxc5 48. Re1 f3+ 0-1